Funkcionális edzés gyakorlatának elemzése videófelvételen

Elmentve itt :
Bibliográfiai részletek
Szerző: Haag Boglárka Anna
További közreműködők: Németh Gábor (Témavezető)
Dokumentumtípus: Szakdolgozat
Megjelent: 2022
Tárgyszavak:
Online Access:http://diploma.bibl.u-szeged.hu/136105
LEADER 00712nta a2200181 i 4500
001 dipl136105
005 20231025143519.0
008 230811s2022 hu om 0|| hun d
040 |a SZTE Diploma Repozitórium  |b hun 
041 |a hun 
100 1 |a Haag Boglárka Anna 
245 1 0 |a Funkcionális edzés gyakorlatának elemzése videófelvételen  |h [elektronikus dokumentum] /  |c Boglárka Anna Haag 
246 1 0 |a Functional workout excercise ananlysis in image sequences  |h [elektronikus dokumentum] 
260 |c 2022 
650 4 |a Természettudományok 
650 4 |a Natural sciences 
700 1 |a Németh Gábor  |e ths 
856 4 0 |u https://diploma.bibl.u-szeged.hu/id/eprint/136105/1/2022_haag_boglarka_anna.pdf  |z Dokumentum-elérés